000 00963nam a2200325 i 4500
003 EG-GICUC
005 20260430161011.0
008 260430s1909 enk||||f |||| 001 0 eng d
040 _aEG-GiCUC
_beng
_cEG-GiCUC
_dEG-GiCUC
_eRda
041 _aeng
082 0 4 _221
_a343.66
_bGO . C
092 0 4 _221
099 _aLaw1 10 343.66 GO . C 1909 1011351 C1
100 1 _aGoll, August
_eAuteur
245 1 0 _aCriminal Types In Shakespeare /
_cBy August Goll.
264 1 _aLondon :
_bMethuen & Co,
_c1909.
300 _a271 page ;
_c24 cm.
336 _2rda contenu
_a texte
337 _2rda medias
_aOrdinateur
338 _2 transporteur rda
_a Ressource en ligne
500 _aIndex pages : 267-271.
546 _aTexte en français
650 1 4 _aCriminal law
650 1 4 _aTypes of criminals
650 1 4 _aCriminals
651 1 _2qrmak
856 4 0 _uhttps://fll.law.cu.edu.eg/fulltext/bks/B10-11351.pdf
905 _a164
942 _2ddc
_cBK
_e21
_n0
999 _c74559
_d74559